banner-ar

حرب المعلومات : (Record no. 62847)

MARC details
000 -الفاتح
حقل البيانات ثابتة الطول 00850nam a22002297a 4500
005 - وقت وتاريخ اخر تعامل مع التسجيلة
رقم الضبط 20240530110610.0
008 - عناصر البيانات ثابتة الطول - معلومات عامة
حقل البيانات ثابتة الطول 160730s2014 ua ||||f |||| 00| 0 ara d
017 ## - رقم الايداع القانونى
رقم الايداع القانونى 2013/8973
المصدر ( الهيئة المختصة) مصر. دار الكتب
020 ## - الرقم الدولى المعيارى للكتب
الرقم الدولى المعيارى للكتاب 9789773832738
040 ## - مصدر الفهرسة
وكالة الفهرسة الأصلية EG-CaGPL
082 04 - رقم تصنيف ديوى العشرى
رقم التصنيف 306.42/
رقم المادة م ح
رقم الطبعة 21
100 0# - المدخل الرئيسى - إسم شخصى
الإسم الشخصى محسن احمد الخضيري.
245 10 - بيان العنوان
العنوان حرب المعلومات :
بقية العنوان حرب الذكاء و الذكاء المضاد في عالم اليوم /
بيان المسئوليه,etc تأليف محسن احمد الخضيري.
250 ## - بيان الطبعة
بيان الطبعة ط. 1.
260 ## - PUBLICATION, DISTRIBUTION, ETC. (IMPRINT)
تاريخ النشر أو التوزيع 2014.
300 ## - الوصف المادى
التعداد 245 ص. ؛
أبعاد الوعاء 24 سم.
650 #4 - المدخل الاضافى بالموضوع-مصطلح موضوعى
مصطلح موضوعي امن المعلومات
650 #4 - المدخل الاضافى بالموضوع-مصطلح موضوعى
مصطلح موضوعي الذكاء
650 #4 - المدخل الاضافى بالموضوع-مصطلح موضوعى
مصطلح موضوعي حرب المعلومات
942 ## - عناصر المدخل الإضافي( كوها)
مصدر التصنيف او مخطط الترفيف Dewey Decimal Classification
Koha [default] item type كتاب
260 ## - PUBLICATION, DISTRIBUTION, ETC. (IMPRINT)
-- القاهرة :
-- ايتراك للطباعة والنشر والتوزيع،
Holdings
حالة التراجع حالة الفقد حالة تلف ليس للاعارة المكان المؤقت الموقع الحالى موقع الترفيف تاريخ الاكتساب اجمالي اﻻعارات رقم الطلب الباركود تاريخ اخر مشاهدة تاريخ تفعيل السعر نوع وعاء كوها
        مكتبة القاهرة الكبرى مكتبة القاهرة الكبرى القاعة الرئيسية 11/16/2016   306.42/ م ح 162725 11/16/2016 11/16/2016 كتاب

Powered By

EGPV